000 00806nam a22002412 4500
001 17138
003 BD-RjUL
005 20211209000108.0
008 140216r19661963xxka 001 0 eng d
035 _a(BD-RjUL)17195
040 _aUKM
_cUKM
_dEQO
_dBD-RjUL
_beng
041 _aeng
082 0 4 _a669.14
_218
_bLOP 1963
100 1 _aLong, Francis John.
_952867
245 1 4 _aThe production of iron and steel /
_cFrancis John Long
260 _aLondon :
_bMacmillan; St. Martin's Press,
_cc1963 [Reprinted 1966].
300 _a140 p. :
_bill. ;
_c23 cm.
490 1 _a'Students aids to engineering workshops technology; vol. 1'
504 _aIncludes index.
650 _aIron industry and trade.
_952868
830 0 _a'Students aids to engineering workshops technology; vol. 1'
_952869
942 _2ddc
_cBK
999 _c17138
_d17138